Sports Quiz

Random Sports or Soccer Quiz
Score 0/16 Timer 05:00
0 Plays Today
Место Команда % Correct
1ЦСКА Москва
97.6%
5Динамо Киев
95.8%
2Спартак Москва
95.3%
6Динамо Москва
94.9%
16Локомотив Москва
90.1%
3Торпедо Москва
88.8%
8Динамо Минск
84.6%
12Шахтер Донецк
83.7%
Место Команда % Correct
9Днепр Днепропетровск
71.1%
7Арарат Ереван
70.7%
14Пахтакор Ташкент
70.2%
11Спартак Владикавказ
59.2%
4Черноморец Одесса
56.2%
15Металлист Харьков
52.8%
10Памир Душанбе
42.7%
13Металлург Запорожье
38.3%
Remove Ads.
Support Sporcle.
Get the best of Sporcle when you Go Orange. This ad-free experience offers more features, more stats, and more fun while also helping to support Sporcle. Thank you for becoming a member.

You're not logged in!

Compare scores with friends on all Sporcle quizzes.
OR
Log In

Sporcle TV

Today on Sporcle TV


Watch our educational content, quiz creation guides, and fun videos on Sporcle TV.

Show Comments

Extras

Created May 9, 2020ReportNominate
Tags:Football Quiz, Soccer Quiz

Top Quizzes Today


Score Distribution

Paid Content

Your Account Isn't Verified!

In order to create a playlist on Sporcle, you need to verify the email address you used during registration. Go to your Sporcle Settings to finish the process.

Report this User

Report this user for behavior that violates our Community Guidelines.

Details: